000 00557cam a2200145 4500500
005 20260208010541.0
041 _afre
042 _adc
100 1 0 _aCavaillé, Jean-Pierre
_eauthor
245 0 0 _aLuca Bianchi, Studi sull’aristotelismo del Rinascimento, Padoue, Il Poligrafo, 2003, 236 p.
260 _c2005.
500 _a44
786 0 _nRevue philosophique de la France et de l'étranger | 130 | 1 | 2005-03-01 | p. 77zx-130zx | 0035-3833
856 4 1 _uhttps://shs.cairn.info/revue-philosophique-2005-1-page-77zx?lang=fr&redirect-ssocas=7080
999 _c1657089
_d1657089